Teoría del taller / (Registro nro. 196)
[ vista simple ]
| 000 -LEADER | |
|---|---|
| fixed length control field | 01935nam a2200265Ia 4500 |
| 003 - CONTROL NUMBER IDENTIFIER | |
| control field | PE SENCICO BE |
| 005 - DATE AND TIME OF LATEST TRANSACTION | |
| control field | 20251020182429.0 |
| 008 - FIXED-LENGTH DATA ELEMENTS--GENERAL INFORMATION | |
| fixed length control field | 200515s9999 xx 000 0 und d |
| 020 ## - INTERNATIONAL STANDARD BOOK NUMBER | |
| International Standard Book Number | 968-6085-59-9 |
| 040 ## - CATALOGING SOURCE | |
| Original cataloging agency | PE SENCICO BE |
| Transcribing agency | PE SENCICO BE |
| 041 ## - LANGUAGE CODE | |
| Language code of text/sound track or separate title | spa |
| 082 ## - DEWEY DECIMAL CLASSIFICATION NUMBER | |
| Classification number | 629.286 |
| Item number | H3 1994 |
| 110 1# - MAIN ENTRY--CORPORATE NAME | |
| Corporate name or jurisdiction name as entry element | Henry Ford Trade School |
| 9 (RLIN) | 2475 |
| 245 #0 - TITLE STATEMENT | |
| Title | Teoría del taller / |
| Statement of responsibility, etc. | Henry Ford Trade School |
| 250 ## - EDITION STATEMENT | |
| Edition statement | 5a ed. |
| 260 ## - PUBLICATION, DISTRIBUTION, ETC. | |
| Place of publication, distribution, etc. | México, D.F. : |
| Name of publisher, distributor, etc. | Gustavo Gili ; |
| Date of publication, distribution, etc. | 1994 |
| 300 ## - PHYSICAL DESCRIPTION | |
| Extent | 575 p. : |
| Other physical details | il., tbl., graf. ; |
| Dimensions | 26 cm. |
| 505 0# - FORMATTED CONTENTS NOTE | |
| Formatted contents note | Seguridad en taller mecánico -- Pequeñas herramientas -- Procesos de medición y calibrado -- Brocas y procesos de taladrado -- Herramientas de corte de punta única -- Tornos y operaciones de torneado -- Tornos revolver -- Conicidades -- Procesos de roscado -- Fresados y operaciones de fresado -- Limadores y operaciones de limado a máquina -- Acepilladores y operaciones de acepillado -- Engranajes y procesos de dentado -- Muelas y mecanizado abrasivo -- Rectificadoras y operaciones de rectificado -- Tratamiento térmico y ensayo de materiales -- Acabado superficial y su medición -- Mecanizado con cinta -- Fundamentos del control numérico. |
| 520 3# - SUMMARY, ETC. | |
| Summary, etc. | Los métodos de medición y calibrado, el uso de las herramientas de mano de mano y de las máquinas herramientas, el tratamiento térmico de los metales, la preparación y el acabado de los trabajos de taller, se explican en su fundamento teórico y en las diversas fases de su ejecución.Micrómetros y calibres, cinceles, sierras y limas, soldaduras, brocas y taladros, tornillería, cuchillas, limadoras, acepilladoras, tornos, fresadoras, muelas, son estudiados con toda minuciosidad, con miras a la comprensión y manejo. |
| 650 10 - SUBJECT ADDED ENTRY--TOPICAL TERM | |
| Topical term or geographic name entry element | Talleres mecánicos |
| 9 (RLIN) | 1958 |
| 650 20 - SUBJECT ADDED ENTRY--TOPICAL TERM | |
| Topical term or geographic name entry element | Seguridad industrial |
| 9 (RLIN) | 96 |
| 650 20 - SUBJECT ADDED ENTRY--TOPICAL TERM | |
| Topical term or geographic name entry element | Mecánica automotriz |
| 9 (RLIN) | 2476 |
| 650 #0 - SUBJECT ADDED ENTRY--TOPICAL TERM | |
| Topical term or geographic name entry element | Tornos mecánicos |
| 9 (RLIN) | 2477 |
| 942 ## - ADDED ENTRY ELEMENTS (KOHA) | |
| Koha item type | Libros |
| Source of classification or shelving scheme | Dewey Decimal Classification |
| Fecha de la última vez que lo usaron | Número de ingreso o de inventario | Pago total | Signatura topográfica completa | Código de barras | Precio efectivo desde | Tipo de documento | Estado perdido | Sistema de clasificación | Estado dañado | No es para préstamo | Retirado | Ubicación permanente | Ubicación actual | Fecha de adquisición |
|---|---|---|---|---|---|---|---|---|---|---|---|---|---|---|
| 15/05/2020 | 8927 | 629.286/H3/1994 | BibLima24070088 | 15/05/2020 | Libros | Dewey Decimal Classification | Biblioteca Central Lima | Biblioteca Central Lima | 15/05/2020 |